000 00510nam a2200169 i 4500
001 56739
003 ES-MaACL
005 20231205193245.0
007 t|
008 031013s1944 sp ||||1| spa d
100 1 _aDiego, Gerardo,
_d1896-1987
_944545
245 1 3 _aEl romancero de la novia
_b: iniciales /
_cGerardo Diego.
260 _aMadrid :
_bHispánica,
_c1944 (
_fS. Aguirre)
300 _a90 p. :
_b1 retr. aut. ;
_c20 cm.
852 _aES-MaACL
_jE-6141
_bR.90648
999 _c56739
_d56739